Японски приказки (Запис номер 148803)
[ съкратено ]
| 000 -Лидер | |
|---|---|
| Контролно поле с фиксирана дължина | 01136nam a2200313 c 4500 |
| 003 - Код на организацията, давaща контролен номер | |
| Контролно поле | BLK |
| 005 - Дата и час на последна редакция | |
| Контролно поле | 20250716113816.0 |
| 008 - Елементи от данни с фиксирана дължина | |
| fixed length control field | 180410b bul|||||r ||||||| ||bul|| |
| 010 ## - Наследен системен номер | |
| LC control number | KNG00155031000 |
| 040 ## - Източник на каталожния запис | |
| Идентификатор на билиотеката - собственик на записа | BLK |
| 041 ## - Код за език | |
| Код за езика на текст/звукозапис или на отделно заглавие | Български |
| Код за езика КДБФ | Български |
| 080 ## - УДК | |
| Текстов определител УДК | Японска литература |
| УДК код - определител по УДК | 821.521 |
| УДК определител | -93-34 |
| УДК - код + определител | 821.521-93-34 |
| 139 ## - Редно поле | |
| Редна дума | Японски приказки |
| Авторски знак | Яп - Я 74 |
| 245 10 - Сведения за заглавието | |
| Заглавие | Японски приказки |
| Редно поле (дума) | прев. от фр. Надя Трендафилова; ил. Джани. |
| 257 ## - Страна на издаване | |
| Страна на създаване/издаване | Япония |
| 260 ## - Област на издателските данни | |
| Име на издателя, разпространителя и проч. | Нар. младеж |
| Година на издаване | 1974 |
| 300 ## - Физическа характеристика | |
| Страници | 62 с. |
| Илюстрации и др. | с ил. |
| Размери/Мащаб | 33 см |
| 380 ## - Жанр | |
| Жанр | Детска худож. лит. |
| 500 ## - Общи забележки | |
| Забележка | Загл. на фр. ез. Contes Japonais. - 100 125 тир. - Доп. тир. 1974. |
| 700 1# - Други автори (авторска отговорност) | |
| Лично име | Трендафилова, Надя |
| Автороска отговорност (Описва отношението между автора и произведението) | прев. от фр. |
| 9 (RLIN) | 364008 |
| 700 1# - Други автори (авторска отговорност) | |
| Лично име | Джани |
| Автороска отговорност (Описва отношението между автора и произведението) | ил. |
| 9 (RLIN) | 330122 |
| 852 ## - Местоположение | |
| Форматна сигнатура | Цб ІІ 19136 |
| 856 4# - Електронен адрес и достъп | |
| Електронен формат | pdf - файл |
| 856 4# - Електронен адрес и достъп | |
| Електронен формат | pdf - файл |
| 999 ## - СИСТЕМНИ КОНТРОЛНИ НОМЕРА | |
| Koha biblionumber | 148803 |
| Koha biblioitemnumber | 148803 |
| 942 ## - АРТИКУЛИ | |
| Вид на библиотечния материал | Книги |
| Скрит в OPAC | Не |
| Периодичен библиозапис | Да |
| Koha issues (borrowed), all copies | 1 |
| 944 ## - СЪЗДАВАНЕ И РЕДАКЦИЯ на ЗАПИСА | |
| Създаване/Редакция | Създаване |
| Дата на регистрацията/редакция | 27.12.2013 |
| Статус, дата на статуса | Русанова Ирена |
| Служител, извършил регистрацията/редакцията | 30542 |
| 944 ## - СЪЗДАВАНЕ И РЕДАКЦИЯ на ЗАПИСА | |
| Създаване/Редакция | Редакция |
| Дата на регистрацията/редакция | 27.12.2013 |
| Статус, дата на статуса | 27.12.2013 - от С1,Р / 27.12.2013 |
| 999 ## - СИСТЕМНИ КОНТРОЛНИ НОМЕРА | |
| Koha biblioitemnumber | 148803 |
| Код за отписване | Код за изгубен артикул | Източник на класификационната схема | Код за повреда | Коз за рестрикции | Код за отдаване | Артикулен № | Име на библиотеката - собственик | Име на библиотеката, в която се намира в момента | Статус (Текущо местоположение) | Дата на вписване в системата | Местоположение - отдел | Цена в лева | Инвентарен номер | Систематично азбучна сигнатура | Баркод | Номер на екземпляра | Цена в евро | Служебна бележка | Служебен тип на артикула |
|---|---|---|---|---|---|---|---|---|---|---|---|---|---|---|---|---|---|---|---|
| Не е изгубен | Universal Decimal Classification | Не е повреден | само за читалня | ползва се в читалня | 247999 | Регионална библиотека "Любен Каравелов" Русе | Регионална библиотека "Любен Каравелов" Русе | Хранилище | 1974-01-01 | Хранилище | 1.00 | 191225 | Цб ІІ 19136 | 120000191225 | 1 | 0.51 | N: стар фонд Дата: 01.01.1974 | Книги | |
| Не е изгубен | Universal Decimal Classification | Не е повреден | само за читалня | ползва се в читалня | 248000 | Регионална библиотека "Любен Каравелов" Русе | Регионална библиотека "Любен Каравелов" Русе | Хранилище | 1974-01-01 | Хранилище | 1.00 | 171548 | Цб ІІ 19136 | 120000171548 | 2 | 0.51 | N: стар фонд Дата: 01.01.1974 | Книги | |
| Изтеглен | Не е изгубен | Universal Decimal Classification | Не е повреден | без рестрикции | заемане за дома | 248001 | Регионална библиотека "Любен Каравелов" Русе | Регионална библиотека "Любен Каравелов" Русе | Детски отдел | 1974-01-01 | Детски отдел | 1.00 | 171988 | ДХ 820/899/Я 74 | 171988 | 3 | 0.51 | N: стар фонд Дата: 01.01.1974 Дата инв: 17.09.2015 Бележки инв: Д2015 | Книги |
| Изтеглен | Не е изгубен | Universal Decimal Classification | Не е повреден | без рестрикции | заемане за дома | 248002 | Регионална библиотека "Любен Каравелов" Русе | Регионална библиотека "Любен Каравелов" Русе | Детски отдел | 1974-01-01 | Детски отдел | 1.00 | 191926 | ДХ 820/899/Я 74 | 191926 | 4 | 0.51 | N: стар фонд Дата: 01.01.1974 Дата инв: 13.08.2015 Бележки инв: Д2015 | Книги |
| Изтеглен | Не е изгубен | Universal Decimal Classification | Не е повреден | без рестрикции | заемане за дома | 248003 | Регионална библиотека "Любен Каравелов" Русе | Регионална библиотека "Любен Каравелов" Русе | Детски отдел | 1974-01-01 | Детски отдел | 1.00 | 345231 | ДХ 820/899/Я 74 | 345231 | 5 | 0.51 | N: стар фонд Дата: 01.01.1974 Дата инв: 17.09.2015 Бележки инв: Д2015 | Книги |
| Не е изгубен | Universal Decimal Classification | Не е повреден | без рестрикции | заемане за дома | 731328 | Регионална библиотека "Любен Каравелов" Русе | Регионална библиотека "Любен Каравелов" Русе | Детски отдел | 2019-07-31 | Детски отдел | 1.00 | ДХ 820/899/ Я74 | 120000835366 | 0.51 | Книги |